Obálka Náhled e-knihy:
PDF Epub
Pro půjčování e-knih musíte být přihlášeni.
Jak si půjčit online?

Dva roky prázdnin /

Dobrodružný román přináší příběh skupiny chlapců z Nového Zélandu, jejichž prázdninová plavba končí ztroskotáním na pustém ostrově.

Uloženo v:
Hlavní autor: Verne, Jules, 1828-1905 (Autor)
Další autoři: Čermák, Bohumil, 1860-1926 (Autor)
Médium: E-kniha
Jazyk:Czech
Vydáno: Praha : Dobrovský s.r.o., 2024
Edice:1400
Témata:
Tagy:
Žádné tagy
LEADER 02333nam a2200493 i 4500
001 312294
003 CZ PrSKC
005 20260601215720.0
007 ta
008 240207s2024 xr c 000 f cze
015 |a cnb003568063 
020 |a 9788027724239  |q (vázáno) 
035 |a (OCoLC)1429250763 
040 |a ABG001  |b cze  |d ABA001  |e rda 
041 1 |a cze  |h fre 
072 7 |a 821.133.1-3  |x Francouzská próza, francouzsky psaná  |2 Konspekt 
072 7 |a 821-93  |x Literatura pro děti a mládež (beletrie)  |2 Konspekt 
080 |a 821.133.1-31  |2 MRF 
080 |a 821-93  |2 MRF 
080 |a (0:82-311.3)  |2 MRF 
100 1 |a Verne, Jules,  |d 1828-1905  |7 jn19990008769  |4 aut 
240 1 0 |a Deux ans de vacances.  |l Česky  |7 aun2008472517 
245 1 0 |a Dva roky prázdnin /  |c Jules Verne ; přeložil Bohumil Čermák 
264 1 |a Praha :  |b Dobrovský s.r.o.,  |c 2024 
300 |a 383 stran ;  |c 21 cm 
336 |a text  |b txt  |2 rdacontent 
337 |a bez média  |b n  |2 rdamedia 
338 |a svazek  |b nc  |2 rdacarrier 
490 1 |a 1400 
500 |a Přeloženo z francouzštiny 
520 2 |a Dobrodružný román přináší příběh skupiny chlapců z Nového Zélandu, jejichž prázdninová plavba končí ztroskotáním na pustém ostrově.  |b Na ostrově pak patnáct chlapců stráví dva roky nedobrovolných prázdnin. Žijí životem Robinsonů, bojují o život s drsnou přírodou i s lidmi. Vzájemné přátelství, obětavost i odvaha, to vše jim pomáhá přežít. 
655 7 |a francouzské romány  |7 fd132289  |2 czenas 
655 7 |a dobrodružné romány  |7 fd132061  |2 czenas 
655 7 |a publikace pro mládež  |7 fd133157  |2 czenas 
655 9 |a French fiction  |2 eczenas 
655 9 |a adventure novels  |2 eczenas 
655 9 |a juvenile literature  |2 eczenas 
700 1 |a Čermák, Bohumil,  |d 1860-1926  |7 jk01021282  |4 trl 
830 0 |a 1400 
900 |a ABA001  |b 20 
044 |a xr 
910 |a RBIT002 
998 |d 398652  |a https://core.palmknihy.cz/api/books/398652/cover?sh9e8e  |b https://core.palmknihy.cz/api/books/398652/cover/400?sh9e8e  |c https://core.palmknihy.cz/api/books/398652/cover/50?sh9e8e  |e   |g 384  |i 9788027724239  |j https://core.palmknihy.cz/api/books/398652/preview.epub  |k https://core.palmknihy.cz/api/books/398652/preview.pdf  |l   |q 49  |r 1  |s https://www.palmknihy.cz/kniha/398652  |t ebook  |y 2024  |z 0 
999 |d 312292